[Event "PRO League Group Stage"]
[Site "chess.com INT"]
[Date "2019.01.29"]
[Round "4"]
[White "Salem, A.R. Saleh"]
[Black "Movsesian, Sergei"]
[Result "0-1"]
[WhiteTitle "GM"]
[BlackTitle "GM"]
[WhiteElo "2672"]
[BlackElo "2629"]
[WhiteTeam "Montreal Chessbrahs"]
[BlackTeam "London Lions"]
[WhiteFideId "9301348"]
[BlackFideId "310204"]
[EventDate "2019.01.08"]

1. d4 Nf6 2. c4 e6 3. Nf3 d5 4. Nc3 Bb4 5. g3 O-O 6. Bg2 dxc4 7. O-O Nc6 8. a3
Be7 9. e4 Na5 10. Be3 c6 11. Qc2 b5 12. Rad1 Bb7 13. Ne5 Qc7 14. f4 Rad8 15. g4
a6 16. g5 Ne8 17. Ng4 Nb3 18. e5 c5 19. d5 Nd4 20. Rxd4 cxd4 21. Bxd4 Bc5 22.
Qf2 Bxd4 23. Qxd4 Bxd5 24. Bxd5 exd5 25. f5 Qc6 26. f6 g6 27. Nh6+ Kh8 28. Ne2
Nc7 29. Nf4 Ne6 30. Nxe6 Qxe6 31. Rf3 Rd7 32. Kg2 Re8 33. Re3 a5 34. Re1 Rc8 35.
Rc1 b4 36. axb4 axb4 37. Ra1 c3 38. bxc3 bxc3 39. Qxc3 Rdc7 40. Qe3 Rc3 41. Qa7
Qh3+ 42. Kf2 Qxh2+ 0-1

[Event "PRO League Group Stage"]
[Site "chess.com INT"]
[Date "2019.01.29"]
[Round "4"]
[White "Haria, Ravi"]
[Black "Hansen, Eric"]
[Result "1/2-1/2"]
[WhiteTitle "IM"]
[BlackTitle "GM"]
[WhiteElo "2450"]
[BlackElo "2615"]
[WhiteTeam "London Lions"]
[BlackTeam "Montreal Chessbrahs"]
[WhiteFideId "415820"]
[BlackFideId "2606771"]
[EventDate "2019.01.08"]

1. Nf3 Nf6 2. g3 g6 3. b3 Bg7 4. Bb2 O-O 5. Bg2 d6 6. d4 Bf5 7. O-O a5 8. a4 Nc6
9. Nbd2 Qd7 10. Re1 Bh3 11. e4 Bxg2 12. Kxg2 e6 13. Qe2 Rfb8 14. Nc4 d5 15. Nce5
Nxe5 16. Nxe5 Qd6 17. Nxf7 Kxf7 18. e5 Qd7 19. exf6 Bxf6 20. Rad1 Re8 21. Rd3
Kg8 22. Re3 Ra6 23. Qd3 c5 24. Ba1 Rc6 25. dxc5 Bxa1 26. Rxa1 Rxc5 27. Rae1 Qc6
28. R1e2 Qd6 29. Qd4 b6 30. Re5 Qc6 31. Qg4 Kf7 32. Qf4+ Kg7 33. Qd4 Kf7 34. Qh4
Kg7 35. Qd4 Kf7 1/2-1/2

[Event "PRO League Group Stage"]
[Site "chess.com INT"]
[Date "2019.01.29"]
[Round "4"]
[White "Kleinman, Michael"]
[Black "Roberson, Peter T"]
[Result "1-0"]
[WhiteTitle "IM"]
[BlackTitle "IM"]
[WhiteElo "2411"]
[BlackElo "2420"]
[WhiteTeam "Montreal Chessbrahs"]
[BlackTeam "London Lions"]
[WhiteFideId "2609479"]
[BlackFideId "412384"]
[EventDate "2019.01.08"]

1. e4 e6 2. d4 d5 3. Nd2 c5 4. exd5 Qxd5 5. Ngf3 cxd4 6. Bc4 Qd6 7. O-O Nf6 8.
Nb3 Nc6 9. Nbxd4 Nxd4 10. Nxd4 a6 11. Re1 Qc7 12. Qe2 h6 13. h3 Bc5 14. Be3 O-O
15. Bb3 b6 16. Nf3 Bb7 17. Bxc5 Qxc5 18. Ne5 Bd5 19. Bxd5 Qxd5 20. c4 Qb7 21.
Rad1 Rfd8 22. b3 Qc7 23. Qe3 Rac8 24. a4 Rxd1 25. Rxd1 Rd8 26. Rd4 Nd7 27. Nxd7
Rxd7 28. Rxd7 Qxd7 29. Qxb6 f5 30. c5 Kh7 31. Qd6 Qa7 32. b4 Qb7 33. c6 Qb6 34.
Qc5 Qc7 35. b5 axb5 36. axb5 Qa5 37. c7 Qe1+ 38. Kh2 Qd2 39. c8=Q Qf4+ 40. g3 1-0

[Event "PRO League Group Stage"]
[Site "chess.com INT"]
[Date "2019.01.29"]
[Round "4"]
[White "Harvey, Marcus R"]
[Black "Rodrigue-Lemieux, Shawn"]
[Result "1-0"]
[WhiteTitle "FM"]
[BlackTitle "FM"]
[WhiteElo "2397"]
[BlackElo "2293"]
[WhiteTeam "London Lions"]
[BlackTeam "Montreal Chessbrahs"]
[WhiteFideId "400092"]
[BlackFideId "2620049"]
[EventDate "2019.01.08"]

1. Nf3 Nf6 2. b3 e6 3. Bb2 Be7 4. e3 O-O 5. Be2 d5 6. O-O c5 7. c4 Nc6 8. cxd5
Nxd5 9. Nc3 b6 10. Rc1 Bb7 11. a3 Rc8 12. Qc2 Bf6 13. Rfd1 Nd4 14. exd4 cxd4 15.
Nxd4 Bxd4 16. Bf3 Qh4 17. g3 Bxf2+ 18. Kxf2 Qxh2+ 19. Kf1 Nb4 20. axb4 Bxf3 21.
Qd3 Qg2+ 22. Ke1 Qxg3+ 23. Kf1 Rfd8 24. Qe3 Qh3+ 25. Kf2 Qg2+ 26. Ke1 Qg3+ 27.
Kf1 Qg2+ 28. Ke1 Bxd1 29. Rxd1 Qh1+ 30. Ke2 Qh5+ 31. Ke1 Qh4+ 32. Ke2 Qxb4 33.
Rg1 f6 34. Qxe6+ Kh8 35. Qf7 Re8+ 36. Kd1 Re7 37. Qd5 Rce8 38. Kc2 Qf4 39. Rh1
Re5 40. Qd3 h6 41. Rf1 Qh2 42. Nd5 Rc8+ 43. Kb1 Re6 44. Nf4 Ree8 45. Ng6+ Kg8
46. Qd5+ Kh7 47. Qf5 Kg8 48. Ne7+ Rxe7 49. Qxc8+ Kh7 50. Qf5+ Kg8 51. Qd5+ Kh7
52. Qd3+ Kg8 53. Rc1 Re8 54. Qg6 Qe2 55. Bxf6 Qe4+ 56. Qxe4 Rxe4 57. Rc8+ Kf7
58. Bc3 Re7 59. Kc2 h5 60. Kd3 Kg6 61. Kc4 h4 62. Rh8 Kg5 63. d4 Rc7+ 64. Kd3
Kg4 65. d5 g5 66. d6 Rd7 67. Be5 Kf5 68. Kd4 Ke6 69. Rh6+ Kf5 70. Kd5 1-0

[Event "PRO League Group Stage"]
[Site "chess.com INT"]
[Date "2019.01.29"]
[Round "4"]
[White "Margvelashvili, Giorgi"]
[Black "Naroditsky, Daniel"]
[Result "0-1"]
[WhiteTitle "GM"]
[BlackTitle "GM"]
[WhiteElo "2530"]
[BlackElo "2616"]
[WhiteTeam "Seattle Sluggers"]
[BlackTeam "San Francisco Mechanics"]
[WhiteFideId "13602926"]
[BlackFideId "2026961"]
[EventDate "2019.01.08"]

1. d4 Nf6 2. c4 g6 3. Nc3 Bg7 4. e4 d6 5. Nf3 O-O 6. h3 e5 7. d5 Nh5 8. Nh2 Qe8
9. Be2 Nf4 10. Bf3 f5 11. g3 Nxh3 12. Bg2 fxe4 13. Be3 Nf4 14. gxf4 exf4 15. Bd4
f3 16. Bf1 Be5 17. Qd2 Bf5 18. O-O-O Nd7 19. Qe3 Nf6 20. Bxe5 Qxe5 21. c5 a6 22.
Bc4 b5 23. cxb6 cxb6 24. Qxb6 Qf4+ 25. Qe3 Qxe3+ 26. fxe3 g5 27. Rdg1 g4 28. Nf1
h5 29. Ng3 Bg6 30. Kd2 Kg7 31. Bb3 Kh6 32. Bc2 Rae8 33. Ke1 Kg5 34. Kf2 h4 35.
Nf1 g3+ 36. Nxg3 Ng4+ 37. Kf1 Nxe3+ 38. Kf2 Ng4+ 39. Kf1 hxg3 40. Rxg3 Kf4 41.
Rhg1 Ne3+ 42. Kf2 Nxc2 43. Rg4+ Ke5 44. Rxg6 e3+ 45. Kg3 f2 46. Rf1 Nd4 47. Rg5+
Rf5 48. Rxf5+ Kxf5 49. Nd1 e2 50. Rxf2+ Kg6 51. Rxe2 Rxe2 0-1

[Event "PRO League Group Stage"]
[Site "chess.com INT"]
[Date "2019.01.29"]
[Round "4"]
[White "Hong, Andrew"]
[Black "Tiglon, Bryce"]
[Result "1-0"]
[WhiteTitle "FM"]
[BlackTitle "IM"]
[WhiteElo "2390"]
[BlackElo "2390"]
[WhiteTeam "San Francisco Mechanics"]
[BlackTeam "Seattle Sluggers"]
[WhiteFideId "2099438"]
[BlackFideId "2087456"]
[EventDate "2019.01.08"]

1. e4 c5 2. Nf3 d6 3. d4 cxd4 4. Nxd4 Nf6 5. Nc3 a6 6. h3 b5 7. g4 Bb7 8. Bg2 g6
9. Be3 Nbd7 10. Qd2 Nc5 11. f3 b4 12. Nce2 e5 13. Nb3 Nxb3 14. axb3 d5 15. g5
dxe4 16. Qxd8+ Rxd8 17. fxe4 Nxe4 18. Ra5 Bd6 19. Rg1 Bc7 20. Ra4 a5 21. Ng3 Nd6
22. Bxb7 Nxb7 23. Ne4 Ke7 24. Rf1 Rd5 25. Nf6 Rd6 26. Ne4 Rc6 27. Rf2 Bb6 28.
Bxb6 Rxb6 29. Ra1 h6 30. Rf6 Rxf6 31. gxf6+ Ke6 32. Kd2 Rd8+ 33. Ke3 Rc8 34. c4
bxc3 35. bxc3 Rc6 36. c4 Rb6 37. Ra3 Kf5 38. Kf3 Rb4 39. Ke3 Rb6 40. Kf3 g5 41.
Ke3 h5 42. Kf3 g4+ 43. hxg4+ hxg4+ 44. Ke3 Rb4 45. Kd3 Kf4 46. Nc3 Nc5+ 47. Kc2
Rb8 48. Rxa5 Nxb3 49. Ra3 Nd4+ 50. Kd2 g3 51. Nd5+ Kg4 52. Ne3+ 1-0

[Event "PRO League Group Stage"]
[Site "chess.com INT"]
[Date "2019.01.29"]
[Round "4"]
[White "Feng, Roland"]
[Black "Stearman, Josiah"]
[Result "1/2-1/2"]
[WhiteTitle "FM"]
[BlackTitle "FM"]
[WhiteElo "2334"]
[BlackElo "2298"]
[WhiteTeam "Seattle Sluggers"]
[BlackTeam "San Francisco Mechanics"]
[WhiteFideId "2060086"]
[BlackFideId "2062496"]
[EventDate "2019.01.08"]

1. d4 d5 2. c4 c6 3. cxd5 cxd5 4. Nf3 Nf6 5. Nc3 Nc6 6. Bf4 Bf5 7. e3 e6 8. Qb3
Bb4 9. Bb5 O-O 10. Bxc6 Bxc3+ 11. Qxc3 Rc8 12. Ne5 Ng4 13. Nxg4 Bxg4 14. Qb4
Rxc6 15. Qxb7 Qc8 16. Qxc8 Rfxc8 17. O-O a5 18. b3 h6 19. h3 Bf5 20. Rfd1 Rc2
21. Bd6 R8c3 22. b4 a4 23. b5 Rb2 24. Rdc1 Rxc1+ 25. Rxc1 Rxb5 26. a3 Rb1 27.
Rxb1 Bxb1 1/2-1/2

[Event "PRO League Group Stage"]
[Site "chess.com INT"]
[Date "2019.01.29"]
[Round "4"]
[White "Corrales Jimenez, Fidel"]
[Black "Caruana, Fabiano"]
[Result "1/2-1/2"]
[WhiteTitle "GM"]
[BlackTitle "GM"]
[WhiteElo "2559"]
[BlackElo "2828"]
[WhiteTeam "Minnesota Blizzard"]
[BlackTeam "Saint Louis Arch Bishops"]
[WhiteFideId "3506690"]
[BlackFideId "2020009"]
[EventDate "2019.01.08"]

1. e4 c5 2. Nf3 e6 3. d4 cxd4 4. Nxd4 a6 5. c4 Nf6 6. Nc3 Bb4 7. Bd3 Nc6 8. Nxc6
dxc6 9. O-O e5 10. Qe2 O-O 11. a3 Bc5 12. Be3 Bd4 13. Bxd4 exd4 14. Na4 Re8 15.
b4 a5 16. c5 axb4 17. axb4 Bg4 18. f3 Be6 19. Qd2 Qc7 20. Nb6 Rad8 21. Qg5 h6
22. Qg3 Qe7 23. Qh4 Qc7 24. Qg3 Qe7 25. Qh4 Qc7 26. Qg3 1/2-1/2

[Event "PRO League Group Stage"]
[Site "chess.com INT"]
[Date "2019.01.29"]
[Round "4"]
[White "Akobian, Varuzhan"]
[Black "Henriquez Villagra, Cristobal"]
[Result "1/2-1/2"]
[WhiteTitle "GM"]
[BlackTitle "GM"]
[WhiteElo "2643"]
[BlackElo "2504"]
[WhiteTeam "Saint Louis Arch Bishops"]
[BlackTeam "Minnesota Blizzard"]
[WhiteFideId "13300580"]
[BlackFideId "3409350"]
[EventDate "2019.01.08"]

1. d4 Nf6 2. c4 e6 3. Nc3 d5 4. cxd5 exd5 5. Bg5 c6 6. Qc2 Be7 7. e3 O-O 8. Bd3
Nbd7 9. Nge2 Re8 10. O-O h6 11. Bh4 Ne4 12. Bxe7 Qxe7 13. Rae1 Ndf6 14. f3 Nxc3
15. Nxc3 Be6 16. Qf2 Rad8 17. h3 c5 18. dxc5 Qxc5 19. Ne2 Nd7 20. Nd4 Ne5 21.
Bb1 Nc6 22. Rc1 Qb6 23. Rfd1 Nxd4 24. Rxd4 Rc8 25. Rcd1 Rc4 26. Qd2 Rxd4 27.
Qxd4 Qxd4 28. Rxd4 Rc8 29. Rd1 Kf8 30. Kf2 Rc5 31. Ke2 Ke7 32. g4 Rb5 33. Rd2
Rc5 34. Bc2 a5 35. Bb3 Rb5 36. Rd4 Rc5 37. Kd2 g6 38. h4 Kf6 39. Bd1 Ke5 40. f4+
Kd6 41. Bf3 f5 42. g5 h5 43. b4 axb4 44. Rxb4 Kc6 45. a4 b6 46. Be2 Bf7 47. Kd3
Rc4 48. Rxc4+ dxc4+ 49. Kd4 b5 50. Bf3+ Kb6 51. axb5 Kxb5 52. Kc3 Kc5 53. e4
fxe4 54. Bxe4 Be8 55. f5 gxf5 56. Bxf5 Bf7 57. Be4 Be8 58. Bf3 Bg6 59. Bg2 Bd3
60. Bf3 Bg6 61. Be2 Bf7 62. Bf1 Bd5 63. Bh3 Bg8 64. Bc8 Kd5 65. Ba6 Kc5 66. Bb7
Bf7 67. Be4 Be8 68. Bf3 Bg6 69. Bd1 Be8 70. Bc2 Bf7 71. Be4 Be8 72. Bf3 Bg6 1/2-1/2

[Event "PRO League Group Stage"]
[Site "chess.com INT"]
[Date "2019.01.29"]
[Round "4"]
[White "Tang, Andrew"]
[Black "Bok, Benjamin"]
[Result "1/2-1/2"]
[WhiteTitle "GM"]
[BlackTitle "GM"]
[WhiteElo "2487"]
[BlackElo "2643"]
[WhiteTeam "Minnesota Blizzard"]
[BlackTeam "Saint Louis Arch Bishops"]
[WhiteFideId "2059630"]
[BlackFideId "1017063"]
[EventDate "2019.01.08"]

1. d4 Nf6 2. Bf4 d5 3. e3 c5 4. dxc5 e6 5. b4 a5 6. c3 Bd7 7. Nd2 axb4 8. cxb4
b6 9. cxb6 Bxb4 10. Bc7 Qc8 11. Qb3 Bxd2+ 12. Kxd2 Qb7 13. Bd3 O-O 14. Ne2 Nc6
15. Rhc1 Na5 16. Qb4 Nc4+ 17. Ke1 Ra4 18. Qc5 Rfa8 19. Kf1 Nd2+ 20. Kg1 Nb3 21.
Qe7 Nxa1 22. Rxa1 Rxa2 23. Rxa2 Rxa2 24. Qd8+ Be8 25. h3 Ra8 26. Qe7 d4 27. Nxd4
Nd5 28. Be4 Qxb6 29. Bxd5 Qb1+ 30. Kh2 exd5 31. Qg5 Qg6 32. Qxd5 Rc8 33. Qb7 Bd7
34. Bf4 Be6 35. Qe7 h6 36. Qb7 Rc1 37. e4 Rd1 38. Be3 Kh7 39. Nf3 Qf6 40. Qb5
Qa1 41. Qh5 Rh1+ 42. Kg3 Qf6 43. Nh4 Rg1 44. Nf3 Rh1 45. Nh4 Kg8 46. Nf3 Qg6+
47. Qxg6 fxg6 48. Nd4 Bd7 49. Nf3 g5 50. Ne5 Be6 51. Nf3 Kf7 52. Nd4 Rb1 53. Nc6
Rd1 54. Bc5 Ke8 55. Ne5 Re1 56. Be3 Re2 57. Nf3 Ra2 58. Nd4 Bd7 59. Nb3 Ra4 60.
Nc5 Rc4 61. f3 Bc8 62. Bf2 Rc2 63. Nd3 Be6 64. Nb4 Rd2 65. Be1 Re2 66. Bf2 Bc4
67. Nc6 Ra2 68. Ne5 Bf1 69. f4 gxf4+ 70. Kf3 g5 71. g3 fxg3 72. Bxg3 Bxh3 73.
Bf2 Ra3+ 74. Be3 Bg2+ 75. Kxg2 Rxe3 76. Ng4 Ra3 77. Nxh6 Ke7 78. Ng4 Ke6 79. Kf2
Rb3 80. Kg2 Ra3 81. Kf2 Kd6 82. Kg2 Rb3 83. Kf2 Kc5 84. Nh2 Ra3 85. Kg2 Kd6 86.
Nf3 g4 87. Nh2 Ke5 88. Nxg4+ Kxe4 89. Nf2+ Ke3 90. Kg3 Ke2+ 91. Kg2 Ra8 92. Ng4
Rf8 93. Kg3 Rf7 94. Kg2 Rf3 95. Nh2 Rf8 96. Ng4 Kd3 97. Kg3 Ke4 98. Nf2+ Kf5 99.
Kf3 Ra8 100. Ke3 Ra3+ 101. Nd3 Rc3 102. Kd4 Rc2 103. Nb4 Rh2 104. Nd5 Rd2+ 105.
Kc4 Ke5 106. Nc3 Rd8 107. Ne2 Rd7 108. Nc3 Rc7+ 109. Kd3 Rh7 110. Kc4 Rh4+ 111.
Kd3 Rg4 112. Ne2 Rh4 113. Nc3 Rd4+ 114. Ke3 Rh4 115. Kd3 1/2-1/2

[Event "PRO League Group Stage"]
[Site "chess.com INT"]
[Date "2019.01.29"]
[Round "4"]
[White "Bloomer, Josh"]
[Black "Bartholomew, John"]
[Result "0-1"]
[BlackTitle "IM"]
[WhiteElo "1950"]
[BlackElo "2439"]
[WhiteTeam "Saint Louis Arch Bishops"]
[BlackTeam "Minnesota Blizzard"]
[WhiteFideId "2020416"]
[BlackFideId "2019353"]
[EventDate "2019.01.08"]

1. e4 c5 2. Nf3 d6 3. d4 cxd4 4. Nxd4 Nf6 5. Nc3 Nc6 6. Bg5 e6 7. Qd2 a6 8.
O-O-O Bd7 9. f3 h6 10. Be3 b5 11. Kb1 Be7 12. g4 Ne5 13. a3 Rb8 14. h4 Qa5 15.
Be2 Nc4 16. Bxc4 bxc4 17. Ka2 d5 18. Qc1 e5 19. g5 exd4 20. Bxd4 Nh5 21. exd5
Bd6 22. Rhe1+ Kd8 23. Be5 Bxe5 24. Rxe5 hxg5 25. hxg5 g6 26. Qe3 Qb6 27. Qc1 Ng7
28. d6 Nf5 29. Nd5 Qb7 30. Nf6 Be6 31. c3 Qxf3 32. Ne4 Rh2 33. Nd2 Qb7 34. Rde1
Kd7 35. Ka1 Nxd6 36. Rd1 Ke7 37. Rf1 Nf5 38. Rfe1 Kf8 39. R5e2 Rxe2 40. Rxe2 Kg7
41. Ne4 Rh8 42. Re1 Qd5 43. Qf4 Rh4 44. Qf3 a5 45. Qg2 a4 46. Nd2 Qxg2 0-1

[Event "PRO League Group Stage"]
[Site "chess.com INT"]
[Date "2019.01.29"]
[Round "4"]
[White "Caruana, Fabiano"]
[Black "Iturrizaga Bonelli, Eduardo"]
[Result "1-0"]
[WhiteTitle "GM"]
[BlackTitle "GM"]
[WhiteElo "2828"]
[BlackElo "2637"]
[WhiteTeam "Saint Louis Arch Bishops"]
[BlackTeam "Miami Champions"]
[WhiteFideId "2020009"]
[BlackFideId "3901211"]
[EventDate "2019.01.08"]

1. e4 c5 2. Nf3 Nc6 3. Bb5 Na5 4. c3 a6 5. Ba4 b5 6. Bc2 Bb7 7. d4 cxd4 8. cxd4
Rc8 9. O-O e6 10. Re1 Nf6 11. Nbd2 Be7 12. Nf1 O-O 13. Ng3 d6 14. b3 Qc7 15. Bd3
Qc3 16. Rb1 Rfd8 17. Qe2 Qc7 18. h4 Nc6 19. a3 Qb6 20. Bb2 Na5 21. Ba1 d5 22. e5
Nd7 23. Ng5 Nf8 24. Qh5 Bxg5 25. Qxg5 Rd7 26. Nh5 Ng6 27. Re3 Qd8 28. Qg3 Qxh4
29. Bxg6 Qxg3 30. Bxh7+ Kxh7 31. Rxg3 Rdc7 32. Bb2 g6 33. Nf6+ Kg7 34. Rh3 Kf8
35. b4 Nc6 36. Rc1 Ke7 37. Rc5 Nb8 38. Bc1 Nd7 39. Nxd7 Kxd7 40. Rh7 Rxc5 41.
bxc5 Ke8 42. Bd2 Kf8 43. g4 Ra8 44. Bg5 Ke8 45. f4 a5 46. f5 gxf5 47. gxf5 Bc8
48. c6 1-0

[Event "PRO League Group Stage"]
[Site "chess.com INT"]
[Date "2019.01.29"]
[Round "4"]
[White "Bachmann, Axel"]
[Black "Akobian, Varuzhan"]
[Result "0-1"]
[WhiteTitle "GM"]
[BlackTitle "GM"]
[WhiteElo "2631"]
[BlackElo "2643"]
[WhiteTeam "Miami Champions"]
[BlackTeam "Saint Louis Arch Bishops"]
[WhiteFideId "3700488"]
[BlackFideId "13300580"]
[EventDate "2019.01.08"]

1. d4 d5 2. c4 e6 3. Nf3 Nf6 4. g3 Bb4+ 5. Bd2 Be7 6. Bg2 O-O 7. O-O Nbd7 8. Qc2
Ne4 9. Nc3 Nxd2 10. Nxd2 c6 11. e4 dxc4 12. Nxc4 Nb6 13. Ne2 Nxc4 14. Qxc4 Bd7
15. Rac1 Qb6 16. Rfd1 Rac8 17. Nc3 Rfd8 18. Rc2 Be8 19. Rcd2 h6 20. h4 Rc7 21.
a3 a5 22. Na4 Qa7 23. Nc3 b5 24. Qb3 a4 25. Qc2 Rcd7 26. d5 Qc5 27. dxe6 fxe6
28. Bh3 Qe5 29. f4 Rxd2 30. Rxd2 Qc5+ 31. Kh2 e5 32. Be6+ Kh8 33. f5 Bh5 34.
Rxd8+ Bxd8 35. Qg2 Bg4 36. Bd7 Bb6 37. Qf1 Qd6 38. Be8 h5 39. Qg2 Kg8 40. Qf1
Kf8 41. Bg6 Ke7 42. Qg2 Qd3 43. f6+ gxf6 44. Bf5 Bf3 0-1

[Event "PRO League Group Stage"]
[Site "chess.com INT"]
[Date "2019.01.29"]
[Round "4"]
[White "Myers, Dominique"]
[Black "Bloomer, Josh"]
[Result "0-1"]
[WhiteElo "2018"]
[BlackElo "1950"]
[WhiteTeam "Miami Champions"]
[BlackTeam "Saint Louis Arch Bishops"]
[WhiteFideId "2041715"]
[BlackFideId "2020416"]
[EventDate "2019.01.08"]

1. e4 c5 2. Nf3 d6 3. d4 cxd4 4. Nxd4 Nf6 5. Nc3 g6 6. Be3 Bg7 7. h3 O-O 8. g4
Nc6 9. Bg2 Bd7 10. O-O Rc8 11. Nce2 Na5 12. b3 e5 13. Nf3 Nxe4 14. Nxe5 Bxe5 15.
Bxe4 Qh4 16. Nf4 g5 17. Nd5 Qxh3 18. f4 gxf4 19. Rxf4 Kh8 20. Bg2 Qh4 21. c4 Rg8
22. Bd4 Bxg4 23. Qd3 Nc6 24. Bxe5+ Nxe5 25. Qd4 Qg5 26. Kf1 Be6 27. Rf2 Rg6 28.
Re1 Bxd5 29. Bxd5 Qh5 30. Be4 Rg4 31. Re3 Rcg8 32. Ref3 Qh1+ 33. Ke2 Qh4 34. Ke3
Re8 35. Rf4 Rxf4 36. Rxf4 Qe1# 0-1

[Event "PRO League Group Stage"]
[Site "chess.com INT"]
[Date "2019.01.29"]
[Round "4"]
[White "Henriquez Villagra, Cristobal"]
[Black "Margvelashvili, Giorgi"]
[Result "1-0"]
[WhiteTitle "GM"]
[BlackTitle "GM"]
[WhiteElo "2504"]
[BlackElo "2530"]
[WhiteTeam "Minnesota Blizzard"]
[BlackTeam "Seattle Sluggers"]
[WhiteFideId "3409350"]
[BlackFideId "13602926"]
[EventDate "2019.01.08"]

1. e4 c6 2. d4 d5 3. exd5 cxd5 4. Bd3 Nc6 5. c3 Qc7 6. Ne2 Bg4 7. O-O e6 8. Qe1
Nf6 9. f3 Bh5 10. Qh4 h6 11. Qh3 Bd6 12. g4 Bg6 13. Bxg6 fxg6 14. g5 Ng8 15.
Qxe6+ Nge7 16. gxh6 gxh6 17. f4 Rf8 18. Nd2 Nd8 19. Qg4 h5 20. Qg2 Ne6 21. Nf3
O-O-O 22. Ne5 g5 23. Qh3 Rf5 24. Ng3 g4 25. Qg2 Rff8 26. Nxh5 Nf5 27. Qxd5 Qe7
28. Ng6 Qf7 29. Nxf8 Rxf8 30. Ng3 Nh4 31. Qxd6 Nf3+ 32. Rxf3 gxf3 33. f5 f2+ 34.
Kf1 Nd8 35. Bf4 Qc4+ 36. Kxf2 Rh8 37. Qc5+ Qxc5 38. dxc5 Rxh2+ 39. Kf3 Rxb2 40.
Be5 Nf7 41. Bd4 Ng5+ 42. Kg4 Ne4 43. Nxe4 1-0

[Event "PRO League Group Stage"]
[Site "chess.com INT"]
[Date "2019.01.29"]
[Round "4"]
[White "Bartholomew, John"]
[Black "Feng, Roland"]
[Result "1/2-1/2"]
[WhiteTitle "IM"]
[BlackTitle "FM"]
[WhiteElo "2439"]
[BlackElo "2334"]
[WhiteTeam "Minnesota Blizzard"]
[BlackTeam "Seattle Sluggers"]
[WhiteFideId "2019353"]
[BlackFideId "2060086"]
[EventDate "2019.01.08"]

1. d4 Nf6 2. c4 e6 3. Nf3 Bb4+ 4. Bd2 c5 5. Bxb4 cxb4 6. g3 b6 7. Bg2 Bb7 8. O-O
O-O 9. d5 exd5 10. Nh4 d6 11. cxd5 Nbd7 12. Qd4 a5 13. Nf5 Nc5 14. Nd2 Bc8 15.
Qf4 g6 16. Nd4 Nh5 17. Qf3 Re8 18. Nc6 Qg5 19. e3 Ba6 20. Rfd1 Qf6 21. Qxf6 Nxf6
22. Nb3 Bc4 23. Nxc5 bxc5 24. b3 Bb5 25. a4 Be2 26. Rd2 Bg4 27. f3 Bd7 28. e4
Ra6 29. Bf1 Raa8 30. Bb5 Kf8 31. Rc1 Rec8 32. Kf2 g5 33. Re1 Re8 34. Bc4 g4 35.
e5 dxe5 36. Nxe5 gxf3 37. Kxf3 Rad8 38. Kg2 Ng4 39. Nxd7+ Rxd7 40. Rxe8+ Kxe8
41. Bb5 Kd8 42. Bxd7 Kxd7 43. Kf3 Nf6 44. d6 Ke6 45. Kf4 h6 46. g4 Nd7 47. h4
Nb6 48. g5 h5 49. Ke4 c4 50. bxc4 Nxc4 51. Re2 Kxd6 52. Kd4 Nb6 53. Re5 Nxa4 54.
Rxa5 Nc3 55. Ra6+ Ke7 56. Rh6 Ne2+ 57. Kc4 Ng3 58. Kxb4 Kf8 59. Kc4 Kg7 60. Kd3
Nf5 61. Rxh5 f6 62. gxf6+ Kxf6 63. Rh8 Kg7 64. Rh5 Kg6 65. Rg5+ Kf6 66. Rg4 Nh6
67. Rg1 Nf5 68. Rg4 Nh6 69. Rf4+ Kg6 70. Ke3 Kh5 71. Kf3 Ng8 72. Kg3 Ne7 73. Kh3
Kg6 74. Kg4 Nd5 75. Rf3 Nf6+ 76. Kh3 Nh5 77. Ra3 Kf5 78. Ra5+ Kg6 79. Ra6+ Kf5
80. Ra5+ Kg6 81. Rb5 Nf6 82. Rg5+ Kh6 83. Rg1 Kh5 84. Rg5+ Kh6 85. Rc5 Kg6 86.
Rc2 Kh6 87. Rf2 Kg6 88. Rf1 Nh5 89. Kg4 Nf6+ 90. Kf4 Nd5+ 91. Ke5 Ne3 92. Rf4
Kh5 93. Ke4 Ng2 94. Rf8 Nxh4 95. Rg8 Ng6 96. Kf3 Kg5 97. Ke4 Kf6 98. Ra8 Kg5 99.
Ra5+ Kf6 100. Ra1 Kg5 101. Rg1+ Kf6 102. Rg2 Ne7 103. Rh2 Ng6 104. Rf2+ Ke6 105.
Rf5 Ne7 106. Ra5 Kf6 107. Ra6+ Kg5 108. Re6 Ng6 109. Re8 Kf6 110. Ra8 Kg5 111.
Ra5+ Kf6 112. Ra1 Kg5 113. Rh1 Kf6 114. Rg1 Ne7 115. Rf1+ Ke6 116. Rh1 Kf6 1/2-1/2

[Event "PRO League Group Stage"]
[Site "chess.com INT"]
[Date "2019.01.29"]
[Round "4"]
[White "Movsesian, Sergei"]
[Black "Shankland, Samuel"]
[Result "0-1"]
[WhiteTitle "GM"]
[BlackTitle "GM"]
[WhiteElo "2629"]
[BlackElo "2725"]
[WhiteTeam "London Lions"]
[BlackTeam "San Francisco Mechanics"]
[WhiteFideId "310204"]
[BlackFideId "2004887"]
[EventDate "2019.01.08"]

1. e4 c6 2. d4 d5 3. e5 Bf5 4. Nd2 e6 5. Nb3 Nd7 6. Nf3 Ne7 7. Be2 h6 8. a4 Qc7
9. O-O g5 10. a5 O-O-O 11. Bd2 a6 12. c4 dxc4 13. Bxc4 Nd5 14. Qe2 Be7 15. Rfc1
Kb8 16. Ne1 f6 17. exf6 Bxf6 18. Nd3 Qd6 19. Ra4 e5 20. Bxd5 Qxd5 21. Rb4 Bxd3
22. Qxd3 c5 23. Rbc4 cxd4 24. Nc5 Nxc5 25. Rxc5 e4 26. Qg3+ Qd6 27. Rc8+ Ka7 28.
Qxd6 Rxd6 29. Rxh8 Bxh8 30. Rc8 Be5 31. Bb4 Rd5 32. Bc5+ b6 33. Bxb6+ Kb7 34.
Rc1 d3 35. b3 Bc3 36. f3 exf3 37. gxf3 d2 38. Rd1 Re5 0-1

[Event "PRO League Group Stage"]
[Site "chess.com INT"]
[Date "2019.01.29"]
[Round "4"]
[White "Naroditsky, Daniel"]
[Black "Haria, Ravi"]
[Result "1-0"]
[WhiteTitle "GM"]
[BlackTitle "IM"]
[WhiteElo "2616"]
[BlackElo "2450"]
[WhiteTeam "San Francisco Mechanics"]
[BlackTeam "London Lions"]
[WhiteFideId "2026961"]
[BlackFideId "415820"]
[EventDate "2019.01.08"]

1. e4 e6 2. d4 d5 3. Nd2 c5 4. Ngf3 Nf6 5. e5 Nfd7 6. c3 Nc6 7. Bd3 Qb6 8. O-O
g6 9. dxc5 Qc7 10. Nb3 Bg7 11. Bf4 O-O 12. Re1 Ncxe5 13. Nxe5 Bxe5 14. Bxe5 Nxe5
15. Bf1 Nd7 16. Qd4 b6 17. cxb6 axb6 18. Re3 Nc5 19. Nd2 Ba6 20. Bxa6 Rxa6 21.
Qh4 Qd8 22. Qh6 Qf6 23. a3 Ra4 24. Nf3 Qg7 25. Qxg7+ Kxg7 26. Rd1 Nb7 27. Ne5
Na5 28. Nd7 Nc4 29. Nxf8 Nxe3 30. Nxe6+ fxe6 31. fxe3 Kf6 32. Rd4 Ra7 33. Rb4
Rb7 34. Kf2 Ke5 35. Ke2 Kd6 36. e4 Kc5 37. exd5 exd5 38. Rf4 Re7+ 39. Kd3 Re6
40. a4 h5 41. h4 Kd6 42. Kd4 Kc6 43. b4 Kd6 44. b5 Re2 45. Rf6+ Re6 46. Rxe6+
Kxe6 47. c4 dxc4 48. Kxc4 Kd6 49. Kb4 Kc7 50. a5 bxa5+ 51. Kxa5 Kb7 52. b6 Kb8
53. Ka6 Ka8 54. b7+ Kb8 55. Kb6 1-0